Liber secretus /

Uloženo v:
Podrobná bibliografie
Hlavní autor: Caputo, Giuseppe, (1936-1991) (Autor)
Další autoři: Anceschi, Luciano
Médium: Kniha
Jazyk:italština
Vydáno: Napoli ; Roma : Edizioni scientifiche italiane, [1990]
Edice:Il Minotauro ; 5
Tagy: Přidat tag
Žádné tagy, Buďte první, kdo vytvoří štítek k tomuto záznamu!

MARC

LEADER 00000nam a22000007i 4500
001 IT\ICCU\RML\0001378
003 ItRI
005 20260115231919.0
008 911115s1990 it |||||| ||||| |||||c
020 |a 8871041097 
040 |b ita  |c importazione bologna sebina 
041 7 |a ita  |2 ISO-639-2 
100 1 |a Caputo, Giuseppe,  |d  (1936-1991)  |0 IT\ICCU\CFIV\025227  |4 aut 
245 1 0 |a Liber secretus /  |c Giuseppe Caputo ; con una lettera all'autore di Luciano Anceschi. 
260 |a Napoli ;  |a Roma :  |b Edizioni scientifiche italiane,  |c [1990] 
300 |a 86 p., [1] c. di tav :  |b ill. ;  |c 22 cm. 
700 1 |a Anceschi, Luciano  |0 IT\ICCU\CFIV\006121 
830 3 |a Il Minotauro ;  |v 5  |0 IT\ICCU\CFI\0043796 
942 |2 ddc  |c BK  |n 0 
952 |0 0  |1 0  |4 0  |6 DOC_851_914000000000000_CAP  |7 0  |9 16301  |a BO  |b BO  |d 2026-01-15  |i 2430  |l 0  |o DOC 851.914 CAP  |p BO2430  |r 2026-01-15 23:19:19  |w 2026-01-15  |x [Sebina 5] [1 v.]  |y BK  |z 1 v. 
999 |c 13987  |d 13987